| 000 | 00447nam a2200145 i 4500 | ||
|---|---|---|---|
| 001 | 38764 | ||
| 003 | ES-MaACL | ||
| 007 | t| | ||
| 008 | 030226s1975 sp ||||1| spa d | ||
| 100 | 1 |
_aCámara Alvarez, Manuel de la. _933991 |
|
| 245 | 1 | 0 |
_aReflexiones sobre la filiación ilegítima en derecho español / _cManuel de Cámara Alvarez. |
| 260 |
_aMadrid : _bTecnos, _c[1975] |
||
| 300 |
_a274 p. ; _c22 cm. |
||
| 852 |
_aES-MaACL _jE-8891 _bR.93365 |
||
| 999 |
_c38764 _d38764 |
||